| 000 | 00728nam a22001937a 4500 | ||
|---|---|---|---|
| 999 |
_c13694 _d13694 |
||
| 003 | AR-CdUCM | ||
| 008 | 190416b ||||| |||| 00| 0 spa d | ||
| 040 |
_aMUNICIPALIDAD PROVINCIAL DEL CUSCO _cBIBLIOTECA MUNICIPAL DEL CUSCO |
||
| 082 |
_a613.285 / _bA59 / 1981 |
||
| 100 |
_aAntupez de Mayolo, Santiago E. _932193 |
||
| 245 | _aLa nutrición en el Antiguo Perú / | ||
| 260 |
_aLima : _bBanco Central de reserva del Perú, _c1981. |
||
| 300 |
_a189 paginas ; _c23 cm. |
||
| 505 | _aContenido :Proteína animal y vegetal --Crianza --Hortalizas --Frutalez --Almacenaje de alimentos ... | ||
| 650 |
_aRecursos naturales _91988 |
||
| 650 |
_aRecursos ictiologicos _932194 |
||
| 942 |
_2ddc _cLIBROS |
||
| 945 |
_arjall _d2019-04-16 |
||